01790nam a2200277 i 4500001000700000003000900007005001700016007000300033008004100036020001800077040001300095100003600108245015400144250003500298260005100333300002700384490002600411520061000437650002301047700003401070830003401104852015101138942001801289999001901307952018601326193541ES-MaACL20250708202627.0ta240105s2023 sp ||||| |||| 00| 0 spa d a9788412635751 cES-MaACL aArnás, Federico 9234844eaut11a¡Qué sabrás tú -- de toros! :b365 preguntas que todo aficionado se ha hecho alguna vez /cFernando Arnás ; ilustraciones de Vicente Arnás a1ª edición: septiembre 2023 a[Córdoba] :bEl Paseíllo Editorial,c2023. a272 páginas ;c21 cm1 aToros en la historia  aSi quieres saber cuánto sabes de toros, si quieres saber más o quieres empezar a saber de toros... Un magnífico libro juego del prestigioso periodista Federico Arnás. 365 preguntas que todo aficionado se ha hecho alguna vez, con tres opciones y la respuesta comentada en preciosos artículos llenos de datos, sabor, anécdota e historia... Por el conocido periodista de RTVE, Federico Arnás, cara muy conocida de programas y retransmisiones taurinas y actualmente en Telemadrid y en RNE. Un divertido trivial taurino, pero lleno de datos de la erudita y completa biblioteca personal del autor. 4917288aTauromaquia aArnás, Vicente9235138eill aToros en la historia 9235139 aES-MaACLbR.154875cDEPOJjN-9724hDonación: Federico ArnásgDedicatoria autógrafa del autor9201307xEncuadernación rústica con solapas n0cMONOGRAFIA c193541d193541 00102udc40708LibrosdedicadosaATENEOMbATENEOMcDEPOJd2023-11-27eDONACIONl0oN-9724p101206706r2024-02-12 00:00:00w2024-02-12yMONOGRAFIAzDedicatoria autógrafa del autor